MARC

LEADER 00000nam0a2200000 4500
001 105827
005 20231101214632.0
035 |a (RuTPU)RU\TPU\book\114190 
035 |a RU\TPU\book\69837 
090 |a 105827 
100 |a 20061122d1983 m y0rusy50 ca 
101 0 |a rus 
102 |a RU 
105 |a a z 000ab 
200 1 |a Обыкновенная история  |e роман  |f И. А. Гончаров 
210 |a Москва  |c Современник  |d 1983 
215 |a 288 с.  |c ил. 
225 1 |a Сельская библиотека Нечерноземья 
600 1 |a Гончаров  |g Иван Александрович  |b И. А.  |c русский писатель  |f 1812-1891  |2 stltpui  |3 (RuTPU)RU\TPU\pers\119 
610 1 |a романы 
610 1 |a 19 век 
610 1 |a художественная литература 
610 1 |a русская империя 
675 |a Р1  |v 3 
700 1 |a Гончаров  |b И. А.  |c русский писатель  |f 1812-1891  |g Иван Александрович  |2 stltpush  |3 (RuTPU)RU\TPU\pers\119  |9 69 
801 1 |a RU  |b 63413507  |c 20040629  |g PSBO 
801 2 |a RU  |b 63413507  |c 20061130  |g PSBO 
942 |c BK